| 000 | 00971nam a2200289 i 4500 | ||
|---|---|---|---|
| 003 | EG-GICUC | ||
| 005 | 20260416103212.0 | ||
| 008 | 260416s1912 fr |||fr|||| 000 0 fre d | ||
| 040 |
_aEG-GiCUC _bfre _cEG-GiCUC _dEG-GiCUC _erda |
||
| 041 | 0 |
_afre _hfre |
|
| 082 | 0 | 4 |
_221 _a343.3 _bGA . T |
| 092 | 0 | 4 | _221 |
| 099 | _aLaw1 10 343.3 GA . T 1912 | ||
| 100 | 0 |
_aGarraud, René _eAuteur |
|
| 245 | 1 | 0 |
_aTraité théorique et pratique d'instruction criminelle et de procédure pénale. _nTome Troisiéme / _cPar René Garraud. |
| 264 | 1 |
_aParis : _bSociété anonyme du Recueil Sirey, _c1912. |
|
| 300 |
_a630 pages ; _c24 cm. |
||
| 336 |
_2rda contenu _a texte |
||
| 337 |
_2rda medias _aOrdinateur |
||
| 338 |
_2 transporteur rda _a Ressource en ligne |
||
| 546 | _aTexte en français | ||
| 650 | 0 | 4 | _aDroit pénal |
| 650 | 0 | 4 | _aDroit de procédure pénale |
| 856 | 4 | 0 | _uhttps://fll.law.cu.edu.eg/fulltext/bks/B10-09137.pdf |
| 905 | _a43 | ||
| 942 |
_2ddc _cBK _e21 _n0 |
||
| 999 |
_c71349 _d71349 |
||